Mozambique : Fiscal Transparency Evaluation.

This Fiscal Transparency Evaluation report highlights that Mozambique's program of budget reforms has brought most aspects of its fiscal reporting and budgeting practices into line with basic and good practices, as defined under the IMF's Fiscal Transparency Code. The weaknesses on fiscal...

Ful tanımlama

Detaylı Bibliyografya
Müşterek Yazar: International Monetary Fund. Fiscal Affairs Dept
Materyal Türü: Dergi
Dil:English
Baskı/Yayın Bilgisi: Washington, D.C. : International Monetary Fund, 2015.
Seri Bilgileri:IMF Staff Country Reports; Country Report ; No. 2015/032
Online Erişim:Full text available on IMF
LEADER 02455cas a2200241 a 4500
001 AALejournalIMF015002
008 230101c9999 xx r poo 0 0eng d
020 |c 5.00 USD 
020 |z 9781484316993 
022 |a 1934-7685 
040 |a BD-DhAAL  |c BD-DhAAL 
110 2 |a International Monetary Fund.  |b Fiscal Affairs Dept. 
245 1 0 |a Mozambique :   |b Fiscal Transparency Evaluation. 
264 1 |a Washington, D.C. :  |b International Monetary Fund,  |c 2015. 
300 |a 1 online resource (78 pages) 
490 1 |a IMF Staff Country Reports 
500 |a <strong>Off-Campus Access:</strong> No User ID or Password Required 
500 |a <strong>On-Campus Access:</strong> No User ID or Password Required 
506 |a Electronic access restricted to authorized BRAC University faculty, staff and students 
520 3 |a This Fiscal Transparency Evaluation report highlights that Mozambique's program of budget reforms has brought most aspects of its fiscal reporting and budgeting practices into line with basic and good practices, as defined under the IMF's Fiscal Transparency Code. The weaknesses on fiscal reporting could be addressed on the short term by the on-going reforms. The disclosure and management of fiscal risks are inadequate and should be improved on the medium term to face the challenges that may arise from the expected increase in natural resource revenues. This report also describes several areas in which Mozambique's fiscal transparency practices could be further improved. The institutional coverage of fiscal reports is still limited; it does not provide complete and reliable information on the operations performed by the social security fund and numerous autonomous entities, which are likely to be significant. The government's fiscal reporting is prepared on a modified cash basis, and important elements of the balance sheet, such as the current value of arrears and of shares of corporations owned by the State, are not reported. Based on the analysis, this report makes seven recommendations aimed at materially enhancing the information base for fiscal decision-making in Mozambique and ensuring the country keeps pace with evolving international transparency standards and practice. 
538 |a Mode of access: Internet 
830 0 |a IMF Staff Country Reports; Country Report ;  |v No. 2015/032 
856 4 0 |z Full text available on IMF  |u http://elibrary.imf.org/view/journals/002/2015/032/002.2015.issue-032-en.xml  |z IMF e-Library